<?xml version='1.0' encoding='UTF-8'?>
  <record xmlns="http://www.loc.gov/MARC21/slim">
    <leader>00000cam a2200000 i 4500</leader>
    <controlfield tag="001">ocm64803509</controlfield>
    <controlfield tag="003">OCoLC</controlfield>
    <controlfield tag="005">20250516030305.6</controlfield>
    <controlfield tag="007">ad cauun</controlfield>
    <controlfield tag="008">890719s1936    ne            000 0 dut d</controlfield>
    <datafield tag="040" ind1=" " ind2=" ">
      <subfield code="a">NLGGC</subfield>
      <subfield code="b">dut</subfield>
      <subfield code="e">fobidrtb</subfield>
      <subfield code="c">NLGGC</subfield>
      <subfield code="d">OCLCO</subfield>
      <subfield code="d">OCLCQ</subfield>
      <subfield code="d">OCLCL</subfield>
      <subfield code="d">OCLCQ</subfield>
      <subfield code="d">OCLCL</subfield>
    </datafield>
    <datafield tag="029" ind1="0" ind2=" ">
      <subfield code="a">NLGGC</subfield>
      <subfield code="b">05417466X</subfield>
    </datafield>
    <datafield tag="034" ind1="3" ind2=" ">
      <subfield code="a">a</subfield>
      <subfield code="b">10000</subfield>
      <subfield code="b">245000000</subfield>
    </datafield>
    <datafield tag="035" ind1=" " ind2=" ">
      <subfield code="a">(OCoLC)64803509</subfield>
    </datafield>
    <datafield tag="045" ind1="0" ind2=" ">
      <subfield code="b">d1936</subfield>
    </datafield>
    <datafield tag="072" ind1=" " ind2="7">
      <subfield code="a">K</subfield>
      <subfield code="2">cbkcd</subfield>
    </datafield>
    <datafield tag="072" ind1=" " ind2="7">
      <subfield code="a">6</subfield>
      <subfield code="2">brclbps</subfield>
    </datafield>
    <datafield tag="082" ind1=" " ind2="4">
      <subfield code="a">912</subfield>
      <subfield code="q">OCoLC</subfield>
      <subfield code="1">https://id.oclc.org/worldcat/ddc/E3YGGCtTtXyg7Mg6vy3t8JXH3B</subfield>
    </datafield>
    <datafield tag="084" ind1=" " ind2=" ">
      <subfield code="a">950.6</subfield>
      <subfield code="2">siso</subfield>
    </datafield>
    <datafield tag="100" ind1="1" ind2=" ">
      <subfield code="a">Bos, P.R.</subfield>
      <subfield code="q">(Pieter Roelf),</subfield>
      <subfield code="d">1847-1902.</subfield>
      <subfield code="1">https://id.oclc.org/worldcat/entity/E39PBJpPCr9XYfj4dR6T8bgBT3</subfield>
    </datafield>
    <datafield tag="245" ind1="1" ind2="0">
      <subfield code="a">Schoolatlas der geheele aarde /</subfield>
      <subfield code="c">Bos-Niermeyer.</subfield>
    </datafield>
    <datafield tag="246" ind1="3" ind2=" ">
      <subfield code="a">Bos-Niermeyer schoolatlas der geheele aarde</subfield>
    </datafield>
    <datafield tag="246" ind1="3" ind2=" ">
      <subfield code="a">grote Bosatlas</subfield>
    </datafield>
    <datafield tag="250" ind1=" " ind2=" ">
      <subfield code="a">35e, verb. en verm. dr. /</subfield>
      <subfield code="b">herz. door B.A. Kwast en P. Eibergen.</subfield>
    </datafield>
    <datafield tag="254" ind1=" " ind2=" ">
      <subfield code="a">Schalen variërend van 1:10.000 tot 1:245.000.000.</subfield>
    </datafield>
    <datafield tag="260" ind1=" " ind2=" ">
      <subfield code="a">Groningen [etc.] :</subfield>
      <subfield code="b">Wolters,</subfield>
      <subfield code="c">1936.</subfield>
    </datafield>
    <datafield tag="300" ind1=" " ind2=" ">
      <subfield code="a">45 krt. bl. :</subfield>
      <subfield code="b">ill. ;</subfield>
      <subfield code="c">39 cm. +</subfield>
      <subfield code="e">Register (31 p.)</subfield>
    </datafield>
    <datafield tag="336" ind1=" " ind2=" ">
      <subfield code="a">cartografische afbeelding</subfield>
      <subfield code="b">cri</subfield>
      <subfield code="2">rdacontent/dut</subfield>
    </datafield>
    <datafield tag="337" ind1=" " ind2=" ">
      <subfield code="a">zonder medium</subfield>
      <subfield code="b">n</subfield>
      <subfield code="2">rdamedia/dut</subfield>
    </datafield>
    <datafield tag="338" ind1=" " ind2=" ">
      <subfield code="a">band</subfield>
      <subfield code="b">nc</subfield>
      <subfield code="2">rdacarrier/dut</subfield>
    </datafield>
    <datafield tag="510" ind1="0" ind2=" ">
      <subfield code="a">Koeman BosP A35a (variant)</subfield>
    </datafield>
    <datafield tag="530" ind1=" " ind2=" ">
      <subfield code="a">Titel wordt gedigitaliseerd voor de Universiteitsbibliotheek Vrije Universiteit in het kader van Metamorfoze.</subfield>
    </datafield>
    <datafield tag="538" ind1=" " ind2=" ">
      <subfield code="a">Nulmeridiaan van Greenwich.</subfield>
    </datafield>
    <datafield tag="650" ind1=" " ind2="7">
      <subfield code="a">leermiddelen ; aardrijkskunde.</subfield>
      <subfield code="2">btr</subfield>
      <subfield code="0">(NL-LeOCL)075628805</subfield>
    </datafield>
    <datafield tag="650" ind1=" " ind2="7">
      <subfield code="a">aarde.</subfield>
      <subfield code="2">btr</subfield>
      <subfield code="0">(NL-LeOCL)075598299</subfield>
    </datafield>
    <datafield tag="650" ind1=" " ind2="7">
      <subfield code="a">atlassen.</subfield>
      <subfield code="2">btr</subfield>
      <subfield code="0">(NL-LeOCL)075599856</subfield>
    </datafield>
    <datafield tag="651" ind1=" " ind2="7">
      <subfield code="a">Aarde.</subfield>
      <subfield code="2">cck</subfield>
      <subfield code="0">(NL-LeOCL)230101135</subfield>
    </datafield>
    <datafield tag="650" ind1=" " ind2="7">
      <subfield code="a">geografische overzichtskaarten (schaal &lt; 1:500.000)</subfield>
      <subfield code="2">cckthema</subfield>
      <subfield code="0">(NL-LeOCL)314045902</subfield>
    </datafield>
    <datafield tag="650" ind1=" " ind2="7">
      <subfield code="a">onderwijs.</subfield>
      <subfield code="2">cckthema</subfield>
      <subfield code="0">(NL-LeOCL)314048332</subfield>
    </datafield>
    <datafield tag="650" ind1=" " ind2="7">
      <subfield code="a">Atlassen.</subfield>
      <subfield code="2">nbdbt</subfield>
      <subfield code="0">(NL-LeOCL)077975847</subfield>
    </datafield>
    <datafield tag="655" ind1=" " ind2="7">
      <subfield code="a">Atlassen.</subfield>
      <subfield code="2">cbk</subfield>
    </datafield>
    <datafield tag="655" ind1=" " ind2="7">
      <subfield code="a">Wereldatlassen (vorm)</subfield>
      <subfield code="2">gtt</subfield>
      <subfield code="0">(NL-LeOCL)123766974</subfield>
    </datafield>
    <datafield tag="655" ind1=" " ind2="7">
      <subfield code="a">Leermiddelen (vorm)</subfield>
      <subfield code="2">gtt</subfield>
      <subfield code="0">(NL-LeOCL)088143767</subfield>
    </datafield>
    <datafield tag="700" ind1="1" ind2=" ">
      <subfield code="a">Niermeyer, Jan Frederik,</subfield>
      <subfield code="d">1866-1923.</subfield>
      <subfield code="1">https://id.oclc.org/worldcat/entity/E39PBJp9qbjw8QB84GDVgX9v73</subfield>
    </datafield>
    <datafield tag="700" ind1="1" ind2=" ">
      <subfield code="a">Kwast, B.A.</subfield>
      <subfield code="q">(Berend Albertus),</subfield>
      <subfield code="d">1870-1936.</subfield>
      <subfield code="1">https://id.oclc.org/worldcat/entity/E39PBJxMgGQVBTjhQH8vY6cgKd</subfield>
    </datafield>
    <datafield tag="700" ind1="1" ind2=" ">
      <subfield code="a">Eibergen, P.</subfield>
    </datafield>
    <datafield tag="758" ind1=" " ind2=" ">
      <subfield code="a">Schoolatlas der gehele aarde (Text)</subfield>
      <subfield code="1">https://id.oclc.org/worldcat/entity/E39PCFMK7dKvrX8BCxPFJjkMT3</subfield>
      <subfield code="4">https://id.oclc.org/worldcat/ontology/hasWork</subfield>
    </datafield>
    <datafield tag="936" ind1=" " ind2=" ">
      <subfield code="a">BATCHLOAD</subfield>
    </datafield>
  </record>